El solar / (Record no. 64581)

MARC details
000 -LEADER
campo de control de longitud fija 00607nam a2200205 i 4500
001 - NÚMERO DE CONTROL
campo de control 64581
003 - IDENTIFICADOR DE NÚMERO DE CONTROL
campo de control ES-MaACL
005 - FECHA Y HORA DE LA ÚLTIMA TRANSACCIÓN
campo de control 20230906165149.0
007 - CAMPO FIJO DE DESCRIPCIÓN FÍSICA--INFORMACIÓN GENERAL
campo de control de longitud fija t|
008 - DATOS DE LONGITUD FIJA--INFORMACIÓN GENERAL
campo de control de longitud fija 031229s1956 sp ||||1| spa d
100 1# - ENTRADA PRINCIPAL--NOMBRE DE PERSONA
Nombre de persona Fontanilles, Ramón.
9 (RLIN) 51621
245 13 - MENCIÓN DEL TÍTULO
Título El solar /
Mención de responsabilidad, etc. Ramón Fontanilles.
250 ## - MENCION DE EDICION
Mención de edición [1ª ed.].
260 ## - PUBLICACIÓN, DISTRIBUCIÓN, ETC.
Lugar de publicación, distribución, etc. Barcelona :
Nombre del editor, distribuidor, etc. Alberti,
Fecha de publicación, distribución, etc. [1956] (
Lugar de fabricación/manufactura Girona :
Fabricante Industries Litografiques)
300 ## - DESCRIPCIÓN FÍSICA
Extensión 131 p. ;
Dimensiones 16 cm.
490 1# - MENCIÓN DE SERIE
Mención de serie Nova col-lecció lletres ;
Designación de volumen o secuencia 22
830 0# - PUNTO DE ACCESO ADICIONAL DE SERIE-TÍTULO UNIFORME
Título uniforme Nova col-lecció lletres ;
Designación de volumen o secuencia 22
9 (RLIN) 181916
852 ## - LOCALIZACIÓN
Ubicación ES-MaACL
Número de control de estantería C-13531
Sublocalización o colección R.40846
Holdings
Estatus retirado Estado de pérdida Estado de daño No para préstamo Biblioteca de origen Biblioteca actual Ubicación en estantería Fecha de adquisición Fuente de adquisición Total de préstamos Signatura topográfica completa Código de barras Visto por última vez Precio de reemplazo Tipo de ítem Koha
        Biblioteca del Ateneo de Madrid Biblioteca del Ateneo de Madrid Sala Palomar 17/01/2008     C-13531 1067671 23/02/2023 23/02/2023 Libro impreso